000 00465nam a2200181Ia 4500
001 680
005 20260306140535.0
008 260306t1999||||xx |||||||||||||| ||spa||
041 _aESP
082 _a128.4
_bM96
100 _aMuñoz Redon, Josep
_eAUT
245 0 _aFilosofía de la felicidad :
_bun paseo por el lado soleado del pensamiento
260 _c1999
300 _a203 páginas :
_c22 cm.
650 _aGEN
654 _aCHU
942 _cLIB
_dJUS
_fJUS
_2ddc
_n
999 _c680
_d680